000 00286nam a2200109Ia 4500
008 220204s9999 xx 000 0 und d
082 _a004
_bJAW.2
100 _aJawaharlal Nehru
245 0 _aJawaharlal Nehru's speeches. V 2
260 _aIndia
_bPublication Division
_c1983
942 _cBK
999 _c37699
_d37699